[Event "London Classic op 11th"]
[Site "London"]
[Date "2019.12.05"]
[Round "8"]
[White "Karamazondo, Ernest"]
[Black "Gaier, Walter"]
[Result "1/2-1/2"]
[WhiteElo "1972"]
[BlackElo "1750"]
[PlyCount "105"]
[EventDate "2019.11.29"]
[EventType "swiss"]
[EventRounds "9"]
[EventCountry "ENG"]
[SourceTitle "CBM 193 Extra"]
[Source "ChessBase"]
[SourceDate "2020.01.31"]
[SourceVersion "1"]
[SourceVersionDate "2020.01.31"]
[SourceQuality "1"]

1. e4 c5 2. d4 cxd4 3. c3 d5 4. exd5 Qxd5 5. cxd4 e6 6. Nc3 Qd8 7. Nf3 Nf6 8. Bd3 Nc6 9. 0-0 h6 10. a3 Bd6 11. b4 Bd7 12. Bb2 Ne7 13. Ne5 a6 14. Rc1 Ned5 15. Ne4 Nxe4 16. Bxe4 Bxe5 17. dxe5 Bc6 18. Qb3 0-0 19. g3 Qe7 20. Rcd1 Nxb4 21. Bb1 Nd5 22. Qc2 g6 23. Bc1 Kg7 24. Rd4 Rh8 25. Rh4 Rac8 26. Qd2 Rh7 27. Rxh6 Rch8 28. Rxh7+ Rxh7 29. h4 Rh8 30. Re1 Qc5 31. Be4 Qc3 32. Qe2 Bb5 33. Qd1 Ba4 34. Qd2 Qxd2 35. Bxd2 Bc6 36. Bg5 Rc8 37. Rc1 Bd7 38. Rxc8 Bxc8 39. g4 b5 40. h5 Nb6 41. h6+ Kh7 42. Bc1 Nc4 43. f4 Kxh6 44. Bc6 Kg7 45. g5 Kf8 46. Kf2 Ke7 47. Ke2 Na5 48. Be4 Bb7 49. Bd2 Bxe4 50. Bxa5 Kd7 51. Ke3 Bg2 52. Kd4 Kc6 53. Bd8 1/2-1/2

[Event "London Classic op 11th"]
[Site "London"]
[Date "2019.12.01"]
[Round "4"]
[White "Karamazondo, Ernest"]
[Black "Saravanan, Aadarsh"]
[Result "1-0"]
[WhiteElo "1972"]
[BlackElo "1711"]
[PlyCount "157"]
[EventDate "2019.11.29"]
[EventType "swiss"]
[EventRounds "9"]
[EventCountry "ENG"]
[SourceTitle "CBM 193 Extra"]
[Source "ChessBase"]
[SourceDate "2020.01.31"]
[SourceVersion "1"]
[SourceVersionDate "2020.01.31"]
[SourceQuality "1"]

1. e4 e6 2. d4 d5 3. e5 c5 4. c3 Nc6 5. Nf3 Qb6 6. a3 Nge7 7. b4 cxd4 8. cxd4 Nf5 9. Bb2 Bd7 10. Be2 Rc8 11. 0-0 Be7 12. Re1 0-0 13. Bd3 Rfe8 14. Bc2 a5 15. Qd3 h5 16. b5 Nb8 17. a4 Na6 18. Na3 Nb4 19. Qd2 Rc7 20. Bb3 Rec8 21. Rad1 g6 22. g3 Kg7 23. Kg2 Rh8 24. h3 Rcc8 25. Nb1 Qa7 26. Nc3 b6 27. Ne2 Qc7 28. Rh1 Qd8 29. Bc1 h4 30. g4 Nh6 31. Nf4 Rc7 32. Bb2 Qc8 33. Rc1 Rxc1 34. Bxc1 Qd8 35. Rg1 Kf8 36. Kh1 Bc8 37. Ba3 Bd7 38. Rc1 Kg7 39. Qe3 Qb8 40. Rg1 Kf8 41. Ne2 Kg7 42. Ne1 Qd8 43. f4 Qa8 44. Bc1 Qc8 45. Bd2 Qa8 46. Bc1 Qg8 47. Qd2 Qd8 48. Ng2 Qc8 49. Ne3 Kf8 50. Rf1 Qa8 51. Ng1 Kg7 52. Nf3 Qb7 53. Rg1 Kf8 54. Bd1 Qc8 55. Be2 Kg7 56. Bf1 Na2 57. Bd3 Nxc1 58. Rxc1 Qb7 59. f5 exf5 60. gxf5 Nxf5 61. Nxf5+ gxf5 62. Rg1+ Kf8 63. e6 Bxe6 64. Ne5 Qc8 65. Qf4 Bf6 66. Nc6 Qd7 67. Qb8+ Qc8 68. Qxb6 Bd7 69. Nxa5 Bd8 70. Qd6+ Ke8 71. Re1+ Be6 72. Bxf5 Rh6 73. Nc6 Rf6 74. Bxe6 Rxe6 75. Rxe6+ fxe6 76. Qxd8+ Qxd8 77. Nxd8 Kxd8 78. Kg2 e5 79. dxe5 1-0